000 00913nam a2200253 a 4500
001 000019822
005 20200929170143.0
008 100707s1995 ck abc r 000 0 spa d
020 _a9586015947(Obra completa)
020 _a9586015963(Tomo II)
040 _aDO-SdBNP
_bspa
_cBNPHU
082 _a973
_bT588h
100 1 _aTindall, George B.
_942305
245 1 0 _aHistoria de los Estados Unidos /
_cGeorge B. Tindall , David E. Shi ; traducción Teresa Niño Torres.
260 _aBogotá, (Colombia) :
_bTercer Mundo Editores,
_c1995.
300 _aT. 2 :
_bil., mapas., retrs ;
_c23 cm.
500 _aIncluye notas al pie de las páginas.
651 4 _aEstados Unidos
_xHistoria
_942306
651 4 _aEstados Unidos
_xPolítica Y Gobierno
_95436
651 4 _aEstados Unidos
_xRelaciones Exteriores
_91498
700 1 _aShi, David E.,
_942307
700 1 _aNiño Torres, Teresa,
_etr.
_942308
049 _aBNGR
999 _c19335
_d19335